अज्ञेय और इलियट / (Record no. 119070)

MARC details
000 -LEADER
fixed length control field 01185nam a22002657a 4500
005 - DATE AND TIME OF LATEST TRANSACTION
control field 20170124103126.0
010 ## - LIBRARY OF CONGRESS CONTROL NUMBER
LC control number B-070820
020 ## - INTERNATIONAL STANDARD BOOK NUMBER
Terms of availability 200.00
International Standard Book Number 8171490255
035 ## - SYSTEM CONTROL NUMBER
System control number B-070820
037 ## - SOURCE OF ACQUISITION
Source of stock number/acquisition Cen Lib/Ret
040 ## - CATALOGING SOURCE
Original cataloging agency DPL
Language of cataloging HN
082 ## - DEWEY DECIMAL CLASSIFICATION NUMBER
Classification number 808.81
Item number भारदा
100 ## - MAIN ENTRY--PERSONAL NAME
Personal name भारद्वाज ,अरुण
9 (RLIN) 83206
245 ## - TITLE STATEMENT
Title अज्ञेय और इलियट /
Statement of responsibility, etc अरुण भारद्वाज
246 ## - VARYING FORM OF TITLE
Title proper/short title Agyey aur iliyat
Remainder of title by Arun Bhardwaj
260 ## - PUBLICATION, DISTRIBUTION, ETC. (IMPRINT)
Place of publication, distribution, etc दिल्ली
Name of publisher, distributor, etc साहित्य सहकार प्रकाशन
Date of publication, distribution, etc 2001
270 ## - ADDRESS
Address 29/62, बी-गली न.1 , विश्वास नगर
City दिल्ली
Postal code 110032
300 ## - PHYSICAL DESCRIPTION
Extent 260पृष्ठ.
Dimensions 20सेमी(सजिल्द)
500 ## - GENERAL NOTE
General note आधार ग्रन्थ सूची शामिल
650 ## - SUBJECT ADDED ENTRY--TOPICAL TERM
Topical term or geographic name as entry element हिंदी साहित्य
9 (RLIN) 83207
650 ## - SUBJECT ADDED ENTRY--TOPICAL TERM
Topical term or geographic name as entry element तुलनात्मक अध्ययन -अज्ञेय - इलियट
9 (RLIN) 83208
650 ## - SUBJECT ADDED ENTRY--TOPICAL TERM
Topical term or geographic name as entry element Hindi literature
9 (RLIN) 83209
650 ## - SUBJECT ADDED ENTRY--TOPICAL TERM
Topical term or geographic name as entry element Comparative study -ajtrey - Elliott
9 (RLIN) 83210
942 ## - ADDED ENTRY ELEMENTS (KOHA)
Source of classification or shelving scheme Dewey Decimal Classification
Koha item type Hindi Books
Classification part 808.81
Call number suffix भारदा
Holdings
Withdrawn status Lost status Damaged status Not for loan Home library Current library Date acquired Source of acquisition Cost, normal purchase price Total Checkouts Total Renewals Full call number Barcode Date last seen Date checked out Copy number Cost, replacement price Price effective from Koha item type
        Central Library Central Library 15/09/2015 Cen Lib/Ret 200.00 2 3 808.81 भारदा B-070820 19/09/2023 08/08/2023 1 200.00 15/09/2015 Hindi Books

© Delhi Public Library
Hit Counter
free hit counter